000 00928nam a22002297a 4500
008 090123t xxu||||| |||| 00| 0 eng d
010 _aENG-92588
020 _a9788188973972
_c80.00
035 _aEN-76121
037 _bDBAD / PUB
040 _adpl
_bEnglish
082 _a614.5993
100 _aHulle, Suzanne Van
245 _aHIV/AIDS counselling manual for health workers /
_cby Suzanne Van Hulle
260 _aNew Delhi
_bVoluntary Health Association of India
_c2006
270 _aB-40, Qutab Institutional Area
_bNew Delhi
_e110016
300 _a76p.:
_bill.
_c23cm (pbk)
650 _aAIDS (Disease)
_xPrevention.
_zIndia
650 _aAIDS (Disease)
_xPatients
_xCounseling of
942 _2ddc
_cEN
_h614.5993
_mHUL
999 _c22322
_d22322